000 00295nam a22001217a 4500
005 20180912092450.0
008 180912b xxu||||| |||| 00| 0 eng d
022 _a0973-8703
245 _aIndian Journal of Marketing
260 _bIndian Journal of Marketing
_c2018
300 _ap66
942 _cJRL
999 _c5734
_d5732